National Assembly Library of Thailand

สารจากน้ำพระราชหฤทัย มหาจักรีสิรินธร สยามบรมราชกุมารี / (ระเบียนเลขที่ 100621)

รายละเอียดในรูปแบบ MARC
000 -LEADER
fixed length control field 02518nam a22002537a 4500
003 - CONTROL NUMBER IDENTIFIER
control field NALT
005 - DATE AND TIME OF LATEST TRANSACTION
control field 20221118164949.0
008 - FIXED-LENGTH DATA ELEMENTS--GENERAL INFORMATION
fixed length control field 220828b th ||||| |||| 00| 0 tha d
020 ## - INTERNATIONAL STANDARD BOOK NUMBER
International Standard Book Number 9786167305653
040 ## - CATALOGING SOURCE
Original cataloging agency NALT
050 ## - LIBRARY OF CONGRESS CALL NUMBER
Classification number DS 578.32
Item number ท622ส 2556
245 10 - TITLE STATEMENT
Title สารจากน้ำพระราชหฤทัย มหาจักรีสิรินธร สยามบรมราชกุมารี /
Statement of responsibility, etc. คณะกรรมการกิจการกระจายเสียง กิจการโทรทัศน์ และกิจการโทรคมนาคมแห่งชาติ.
250 ## - EDITION STATEMENT
Edition statement พิมพ์ครั้งที่ 2.
260 ## - PUBLICATION, DISTRIBUTION, ETC.
Place of publication, distribution, etc. กรุงเทพฯ :
Name of publisher, distributor, etc. คณะกรรมการกิจการกระจายเสียง กิจการโทรทัศน์ และกิจการโทรคมนาคมแห่งชาติ,
Date of publication, distribution, etc. 2556.
300 ## - PHYSICAL DESCRIPTION
Extent 79 หน้า :
Other physical details ภาพประกอบ ;
Dimensions 23 ซม.
500 ## - GENERAL NOTE
General note เฉลิมพระเกียรติสมเด็จพระเทพรัตนราชสุดา เจ้าฟ้ามหาจักรีสิรินธร รัฐสีมาคุณากรปิยชาติ สยามบรมราชกุมารี เนื่องในโอกาสมหามงคลเฉลิมพระชนมพรรษา 58 พรรษา 2 เมษายน 2556.
505 2# - FORMATTED CONTENTS NOTE
Formatted contents note มหาจักรีสิรินธร สยามบรมราชกุมารี -- รัฐสีมาคุณากรปิยชาติ -- ทั่วโลกแซ่ซ้อง เห็นพ้องพระสมัญญา 'IT Princess'.
600 04 - SUBJECT ADDED ENTRY--PERSONAL NAME
9 (RLIN) 50986
Personal name เทพรัตนราชสุดาเจ้าฟ้ามหาจักรีสิรินธร,
Titles and other words associated with a name กรมสมเด็จพระ,
Dates associated with a name 2498-
600 04 - SUBJECT ADDED ENTRY--PERSONAL NAME
9 (RLIN) 584
Personal name เทพรัตนราชสุดาฯ สยามบรมราชกุมารี,
Titles and other words associated with a name สมเด็จพระ,
Dates associated with a name 2498-
General subdivision พระราชกรณียกิจ
710 2# - ADDED ENTRY--CORPORATE NAME
9 (RLIN) 29387
Corporate name or jurisdiction name as entry element คณะกรรมการกิจการกระจายเสียง กิจการโทรทัศน์ และกิจการโทรคมนาคมแห่งชาติ
850 ## - HOLDING INSTITUTION
Holding institution NALT
942 ## - ADDED ENTRY ELEMENTS (KOHA)
Source of classification or shelving scheme Library of Congress Classification
Koha item type General Book
998 ## - STAFF NAME (NALT)
-- 3099
-- พรวิทู โค้วคชาภรณ์
รายการที่มีในห้องสมุด
Withdrawn status Lost status Source of classification or shelving scheme Damaged status Not for loan Collection code Home library Current library Shelving location Date acquired Full call number Barcode Date last seen Price effective from Koha item type
    Library of Congress Classification     Senate National Assembly Library of Thailand National Assembly Library of Thailand General Book shelves 28/08/2022 DS 578.32 ท622ส 2556 0100010416001 29/11/2022 28/08/2022 General Book
หอสมุดรัฐสภา
สำนักงานเลขาธิการสภาผู้แทนราษฎร เลขที่ 1111 ถนนสามเสน แขวงถนนนครไชยศรี เขตดุสิต กรุงเทพฯ 10300
The Secretariat of the House of Representatives 1111 Samsen Road, Thanon Nakhon Chai Si, Dusit, Bangkok 10300, THAILAND
โทรศัพท์: +66(0) 2242 5900 ต่อ 5714-5 โทรสาร: +66(0) 2242 5990 อีเมล: [email protected]